=LDR 00000nam 2200000 4500 =001 INLIS000000000014676 =005 20130612105944 =008 ***********************************Ind** =035 ##$$0010-061300000014676 =041 ##$$a Ind =082 ##$$a 591.1 =090 ##$$a 591.1, Yuw f =100 ##$$a Yuwono,Edy =245 ##$$a Fisiologi hewan air, Edy Yuwono, Purnama Sukardi =260 ##$$a 2001 $b Jakarta =300 ##$$a 64 hlm, 21,5 cm =650 ##$$a Fisiologi Hewan =850 ##$$a NBPNMAT =990 ##$$a 21602841/BPAP-NTB/2017